Name that Logo - Statistics

General Stats
  • This quiz has been taken 251 times
  • The average score is 9 of 12
Answer Stats
Picture Answer % Correct
Tacobell
97%
Starbucks
92%
Wendys
92%
Burger king
90%
Dominos
83%
Panda Express
83%
Chick-Fil-A
82%
Mcdonalds
80%
Pizza hut
78%
Arbys
74%
Panera Bread
35%
Dunkin Doughnuts
17%
No matching quizzes found
Score Distribution
Percent of People with Each Score
Percentile by Number Answered
Your Score History
You have not taken this quiz